Química clínica: principios, procedimientos y correlaciones (Registro nro. 12448)

Detalles MARC
000 -Cabecera
Campo de control de longitud fija 01461nam a22005417a 4500
005 - Fecha y hora de la última transacción
Campo de control 20250819121622.0
008 - Elementos de longitud fija--Información general
Campo de control de longitud fija 191112b2019 xxu||||| |||| 00| 0 spa d
020 ## - International Standard Book Number
Número Internacional Estándar del Libro (ISBN) 9788417370343
041 ## - Idioma
Código de idioma Español
082 ## - Clasificación Decimal Dewey
Número de clasificación 616.075.6 B622q8
100 ## - Entrada principal--Autor personal
Nombre personal Bishop, Michael L.
9 (RLIN) 56727
100 ## - Entrada principal--Autor personal
Nombre personal Fody, Edward P.
100 ## - Entrada principal--Autor personal
Nombre personal Schoeff, Larry E.
245 ## - Título propiamente dicho
Título Química clínica: principios, procedimientos y correlaciones
250 ## - Edición
Mención de edición 8 edición
260 ## - Pie de imprenta
Lugar de publicación, distribución, etc. España
260 ## - Pie de imprenta
Nombre del editor, distribuidor, etc. Wolters Kluwer
260 ## - Pie de imprenta
Fecha de publicación, distribución, etc. 2019
300 ## - Descripción física
Extensión 733 páginas
490 ## - Serie
Título de la Serie Temática General
650 ## - Materia general
Temática (materia general) QUÍMICA CLÍNICA
650 ## - Materia general
Temática (materia general) LABORATORIO CLÍNICO
650 ## - Materia general
Temática (materia general) CENTRIFUGACIÓN
650 ## - Materia general
Temática (materia general) CÁLCULOS DE LABORATORIO
650 ## - Materia general
Temática (materia general) SEGURIDAD EN EL LABORATORIO
650 ## - Materia general
Temática (materia general) EVALUACIÓN DE MÉTODOS
650 ## - Materia general
Temática (materia general) CONTROL DE CALIDAD
650 ## - Materia general
Temática (materia general) LEAN-SEIS SIGMA
650 ## - Materia general
Temática (materia general) ESPECTROFOTOMETRÍA
650 ## - Materia general
Temática (materia general) ELECTROQUÍMICA
650 ## - Materia general
Temática (materia general) ELECTROFORESIS
650 ## - Materia general
Temática (materia general) OSMOMETRÍA
650 ## - Materia general
Temática (materia general) CROMATOGRAFÍA
650 ## - Materia general
Temática (materia general) ESPECTROMETRÍA
650 ## - Materia general
Temática (materia general) TÉCNICAS INMUNOQUÍMICAS
650 ## - Materia general
Temática (materia general) AMINOÁCIDOS
650 ## - Materia general
Temática (materia general) PROTEÍNAS
650 ## - Materia general
Temática (materia general) COMPUESTOS NITROGENADOS
650 ## - Materia general
Temática (materia general) ENZIMAS
650 ## - Materia general
Temática (materia general) CARBOHIDRATOS
650 ## - Materia general
Temática (materia general) LÍPIDOS
650 ## - Materia general
Temática (materia general) ELECTROLITOS
650 ## - Materia general
Temática (materia general) ELEMENTOS
650 ## - Materia general
Temática (materia general) FUNCIONES DE LOS ÓRGANOS
650 ## - Materia general
Temática (materia general) TOXICOLOGÍA
650 ## - Materia general
Temática (materia general) PACIENTE GERIÁTICO
942 ## - Punto de acceso adicional KOHA
Tipo de ítem KOHA Libro
Fuente del sistema de clasificación o colocación Dewey Decimal Classification
Existencias
Signatura completa Código de barras Programa Académico Tipo de ítem
616.075.6 B622q 24700 Temática General Libro